| 000 | 00391nam a2200157Ia 4500 | ||
|---|---|---|---|
| 100 | _aHans/ Anwani. | ||
| 650 | _aElectrical Engineering | ||
| 942 | _cBK | ||
| 366 | _f10 | ||
| 654 | _aBasic Shop Practical In Electrical Engg. | ||
| 245 | _aBasic Shop Practicals In Electrical Engg. | ||
| 260 |
_bDhanpat Rai & Co. _aDelhi _c1997 |
||
| 082 | _a621.3 | ||
| 300 | _a356 | ||
| 546 | _aENGLISH | ||
| 999 |
_c29320 _d29320 |
||